Normal view
MARC view
- Anderson, John D.,
Entry Personal Name
001 - CONTROL NUMBER
- control field: 2213
003 - CONTROL NUMBER IDENTIFIER
- control field: NUST
005 - DATE AND TIME OF LATEST TRANSACTION
- control field: 20170608105027.0
008 - FIXED-LENGTH DATA ELEMENTS
- fixed length control field: 170608|| aca||aabn | a|a d
040 ## - CATALOGING SOURCE
- Original cataloging agency: NUST
- Transcribing agency: NUST
100 ## - HEADING--PERSONAL NAME
- Personal name: Anderson, John D.,
- Titles and other words associated with a name: Jr.
- Fuller form of name: (John David),
- Dates associated with a name: 1937-
670 ## - SOURCE DATA FOUND
- Source citation: Work cat.: (NUST)24666: Anderson, John D., Jr. (John David), 1937-, Aircraft performance and design /, c1999.
